01658nam a22003977a 4500003000500000005001700005008004100022010001000063011001000073035001000083040000900093090001000102100003500112245020400147260004000351300001000391500000900401502009000410590003700500590004100537590004100578590004100619590004100660590004200701650004200743650002700785650003900812700003500851901000700886942000900893949004200902949004700944999001700991952012501008952012701133CHAP20220329141450.0971013s1988 r 00010 d a68616 a69588 a79065 cCHAP aTesis00aAguirre Diaz, Heriberto.92972 aInfluencia del descortezador (Pseudohylesinus variegatus (Blandford) en la muerte del oyamel Abies religiosa (H.B..) Schl. et Cham.) en el parque recreativo y cultural 'Desierto de los Leones', D. F. aChapingo, Méx. :bEl autor,c1988 a84 h. a31-6 aTesis (Ing. Forestal esp. en Silvicultura) -- UACH. División de Ciencias Forestales aALEPHb10c20130110lUCH01h1405 aBATCH-UPDb10c20130110lUCH01h0629 aBATCH-UPDb10c20130110lUCH01h2341 aBATCH-UPDb10c20130410lUCH01h0312 aBATCH-UPDb10c20130914lUCH01h0609 aCONVERSIONb10c20130109lUCH01h133814aDesierto de Los Leones, Méx.93214014aOyamelxPlagas.98447514aPseudohylesinus variegatus.9925650 aBernal Torres, Alberto.911911 aBK cFOLL bBCcTESd-31944eTS1h21825i79065si bBCcTESd-95788eTS2fc.2h21826i79065si c68616d68616 00102local4053708TESISaBCbBCcPA_TESISd2019-12-31fTESISl0p-95788r2019-12-31 00:00:00tc.2w2019-12-31yTESIS 00102local4051708TESISaBCbBCcPA_TESISd2019-12-31fTESISl0oTesisp-31944r2019-12-31 00:00:00w2019-12-31yTESIS